Statistics for Name All Yo-Kai From Yo-Kai Watch 1

Click here to take the quiz!

General Stats

  • This quiz has been taken 110 times
  • The average score is 81 of 245

Answer Stats

TribeFavorite FoodRankAnswer% Correct
Yo-Kai ButlerWhisper
80%
CharmingChocobarsDJibanyan
75%
CharmingIce CreamDKomasan
66%
HeartfulRice BallsEHungramps
64%
BraveRice BallsEPandle
64%
MysteriousSeafoodSKyubi
61%
BraveMeatCBlazion
58%
CharmingMilkDKomajiro
58%
MysteriousRamenDTattletell
58%
ToughRamenERoughraff
56%
CharmingChocobarsBThornyan
56%
BraveRice BallsCUndy
56%
Legendary/BraveSeafoodSShogunyan
55%
SlipperySeafoodSVenoct
55%
BraveMeatSSnartle
53%
CharmingChocobarsBBaddinyan
52%
BraveJuiceECutta-nah
52%
BraveJuiceCCutta-nah-nah
52%
BraveRice BallsDMochismo
52%
MysteriousCandySTengu
52%
BraveRice BallsBTanbo
50%
BraveChinese FoodBB3-NK1
48%
ToughSeafoodARobonyan
48%
SlipperyHamburgersENoko
47%
ToughRamenENoway
47%
BraveVegetablesSCruncha
45%
MysteriousSeafoodSFrostail
45%
EerieChinese FoodEManjimutt
45%
CharmingHamburgersCShmoopie
45%
BraveJuiceBSlacka-slash
45%
BraveChinese FoodBBenkei
44%
CharmingJuiceECadin
44%
ShadyRice BallsEDimmy
44%
ToughBreadEDulluma
44%
HeartfulBreadCHappierre
44%
BraveVegetablesDHelmsman
44%
HeartfulRice BallsBHungorge
44%
CharmingIce CreamAKomane
44%
BraveMeatSZerberker
44%
EerieBreadEBuhu
42%
BraveSeafoodCChansin
42%
MysteriousBreadDCupistol
42%
ToughSeafoodSGoldenyan
42%
CharmingMilkAKomiger
42%
MysteriousCandyEWazzat
42%
ToughRamenBBadude
41%
BraveVegetablesBBeetler
41%
EerieBreadDDismarelda
41%
MysteriousCandySFlengu
41%
BraveRice BallsDMinochi
41%
BraveMeatBQuaken
41%
BraveVegetablesAReuknight
41%
BraveMeatASiro
41%
MysteriousChinese FoodBAlloo
39%
BraveVegetablesSBeetall
39%
ToughRamenABruff
39%
MysteriousBreadACasanuva
39%
BraveVegetablesSCorptain
39%
Legendary/EerieChinese FoodSDandoodle
39%
ToughVegetablesSDromp
39%
HeartfulRice BallsBGrainpa
39%
MysteriousChinese FoodCIlloo
39%
SlipperyHamburgersAPandanoko
39%
CharmingHamburgersBPinkipoo
39%
MysteriousRice BallsDSignibble
39%
MysteriousSeafoodESnotsolong
39%
MysteriousRamenBTattlecast
39%
CharmingVegetablesDWalkappa
39%
MysteriousBreadACasanono
38%
ToughBreadBDarumacho
38%
MysteriousHamburgersED'wanna
38%
MysteriousChinese FoodCElloo
38%
BraveSeafoodSGleam
38%
ShadyJuiceENegatibuzz
38%
MysteriousHamburgersCN'more
38%
CharmingRamenEPupsicle
38%
SlipperySeafoodSShadow Venoct
38%
BraveSeafoodASheen
38%
BossSproink
38%
HeartfulRamenESteppa
38%
ToughVegetablesSSwosh
38%
HeartfulRamenEWiglin
38%
ShadyCandyEAke
36%
CharmingVegetablesAAppak
36%
CharmingCandySBlizzaria
36%
SlipperyChinese FoodDDraggie
36%
MysteriousCandyEDummkap
36%
Legendary/HeartfulRice BallsSElder Bloom
36%
CharmingCandyBFrostina
36%
ShadyMeatDHidabat
36%
MysteriousHamburgersCQ'wit
36%
MysteriousRice BallsSStatiking
36%
CharmingJuiceDBaku
34%
SlipperyHamburgersABloominoko
34%
MysteriousSeafoodDDuchoo
34%
MysteriousVegetablesBEspy
34%
BossGargaros
34%
ToughRamenAImpass
34%
MysteriousChinese FoodCMirapo
34%
ShadyCandyCPayn
34%
HeartfulBreadAReversa
34%
HeartfulRamenDRhyth
34%
MysteriousRamenCSkranny
34%
BraveSeafoodASnee
34%
ShadyVegetablesCTengloom
34%
ToughVegetablesDArmsman
33%
CharmingJuiceCCadable
33%
ToughMilkSCastelius Max
33%
CharmingCandySDamona
33%
CharmingHamburgersEDazzabel
33%
HeartfulJuiceDEnefly
33%
Legendary/ToughMeatSGilgaros
33%
EerieJuiceDGush
33%
BossOrcanos
33%
EerieHamburgersEPeckpocket
33%
CharmingVegetablesASupyo
33%
HeartfulVegetablesSAuntie Heart
31%
ToughMilkDBlowkade
31%
ToughMilkACastelius I
31%
ToughMilkBCastelius II
31%
ToughMilkCCastelius III
31%
ShadyRamenSCount Cavity
31%
ToughBreadBGoruma
31%
EerieCandySInsomni
31%
BraveRice BallsAKapunki
31%
MysteriousHamburgersDLafalotta
31%
HeartfulVegetablesSMama Aura
31%
EerieChinese FoodBMultimutt
31%
CharmingSeafoodARubinyan
31%
BraveRice BallsBSushiyama
31%
ShadyRamenATimidevil
31%
SlipperyChinese FoodSAzure Dragon
30%
HeartfulJucieABetterfly
30%
EerieJuiceBDrizzle
30%
HeartfulJuiceDEnerfly
30%
SlipperyMeatDHeheheel
30%
ToughVegetablesSHornaplenty
30%
MysteriousVegetablesBInfour
30%
MysteriousChinese FoodAMircle
30%
ShadyJuiceCMoskevil
30%
ShadyRice BallsANul
30%
ToughVegetablesBRhinoggin
30%
ToughVegetablesSRhinormous
30%
MysteriousRice BallsASigniton
30%
CharmingJuiceBSingcada
30%
CharmingRamenSSwelterrier
30%
CharmingSeafoodATopanyan
30%
ToughRamenAWalldin
30%
ShadyMeatAAbodabat
28%
ShadyMeatSAwevil
28%
SlipperyCandyCBabblong
28%
ShadyRice BallsBBlandon
28%
SlipperyChinese FoodSDragon Lord
28%
EerieJuiceEDroplette
28%
BossMassiface
28%
BossMcKraken
28%
HeartfulMeatSPapa Bolt
28%
HeartfulBreadAReversette
28%
BossSlimamander
28%
EerieJuiceESlush
28%
ShadyChinese FoodDSuspicioni
28%
CharmingJuiceCWhapir
28%
EerieJuiceBAlhail
27%
MysteriousHamburgersCBlips
27%
CharmingRamenSChilhuahua
27%
ShadyChinese FoodBContrarioni
27%
CharmingSeafoodADianyan
27%
CharmingSeafoodAEmenyan
27%
HeartfulRamenDGrubsnitch
27%
Legendary/MysteriousMilkSKomashura
27%
ShadyCandyELeadoni
27%
ShadyCandyDMynimo
27%
ShadyVegetablesANegasus
27%
CharmingHamburgersAPookivil
27%
CharmingHamburgersCRattelle
27%
EerieChinese FoodASir Berus
27%
HeartfulMeatSUncle Infinite
27%
ShadyCandyBAgon
25%
ShadyMeatABelfree
25%
BossDr. Maddiman
25%
HeartfulCandyADubbles
25%
EerieMilkSEterna
25%
ToughRice BallsCFidgephant
25%
EerieMilkBGrumples
25%
ToughRice BallsCMad Mountain
25%
ShadyVegetablesBNird
25%
SlipperyMeatBRageon
25%
EerieHamburgersDRockabelly
25%
HeartfulCandyARollen
25%
EerieCandySSandi
25%
SlipperyBreadCSpenp
25%
BossSV Snaggerjag
25%
ShadyChinese FoodDTantroni
25%
SlipperyMeatATunatic
25%
SlipperyCandyABananose
23%
EerieBreadDChatalie
23%
SlipperySeafoodBCynake
23%
EerieMilkSEverfore
23%
SlipperyMeatDFishpicable
23%
EerieBreadCFlumpy
23%
ShadyMeatSGreesel
23%
ToughRice BallsBLava Lord
23%
ToughMilkDLedballoon
23%
HeartfulMilkBOl' Fortune
23%
CharmingSeafoodASapphinyan
23%
ShadyJuiceAScritchy
23%
CharmingHamburgersBSkelebella
23%
ToughRice BallsCTouphant
23%
HeartfulRamenEWantston
23%
HeartfulMilkDLodo
22%
HeartfulMilkBOl' Saint Trick
22%
HeartfulJuiceSPeppillon
22%
EerieBreadASkreek
22%
SlipperyMeatCUrnaconda
22%
HeartfulMilkCChippa
20%
SlipperySeafoodBCopperled
20%
EerieBreadDHurchin
20%
EerieBreadCNagatha
20%
SlipperyVegetablesBShrook
20%
SlipperyBreadBAlmi
19%
ShadyRamenSBeelzebold
19%
EerieMilkCCheeksqueek
19%
SlipperyVegetablesCChummer
19%
SlipperyCandyBConfuze
19%
EerieBreadECoughkoff
19%
SlipperyMeatCCroonger
19%
SlipperyCandyCDaiz
19%
BossEyedra
19%
BossHoggles
19%
ShadyVegetablesANeighfarious
19%
BossOgralus
19%
SlipperySeafoodASlitheref
19%
BossWobblewok
19%
BossClipso
17%
EerieChinese FoodACompunzer
17%
BossDr. Nogut
17%
BossDuwheel
17%
EerieChinese FoodALamedian
17%
BossStyx Mk.VI
17%
EerieMilkACuttincheez
16%
BossPhantasmurai
16%
BossTarantutor
16%
BossSpooklunk
11%
BossSquisker
11%
BossChripster
6%

Score Distribution

Percentile by Number Answered

Percent of People with Each Score

Your Score History

You have not taken this quiz